La imprenta en Alicante en el siglo XVIII / (Record no. 63795)

MARC details
000 -LEADER
campo de control de longitud fija 00646nam a2200181 i 4500
001 - NÚMERO DE CONTROL
campo de control 63795
003 - IDENTIFICADOR DE NÚMERO DE CONTROL
campo de control ES-MaACL
005 - FECHA Y HORA DE LA ÚLTIMA TRANSACCIÓN
campo de control 20250905063042.0
007 - CAMPO FIJO DE DESCRIPCIÓN FÍSICA--INFORMACIÓN GENERAL
campo de control de longitud fija t|
008 - DATOS DE LONGITUD FIJA--INFORMACIÓN GENERAL
campo de control de longitud fija 031217s1957 sp ||||1| spa d
100 1# - ENTRADA PRINCIPAL--NOMBRE DE PERSONA
Nombre de persona Figueras Pacheco, Francisco,
Fechas asociadas al nombre 1880-1960
9 (RLIN) 50766
245 13 - MENCIÓN DEL TÍTULO
Título La imprenta en Alicante en el siglo XVIII /
Mención de responsabilidad, etc. Francisco Figueras Pacheco.
260 ## - PUBLICACIÓN, DISTRIBUCIÓN, ETC.
Lugar de publicación, distribución, etc. Alicante :
Nombre del editor, distribuidor, etc. Comisión Provincial de Monumentos,
Fecha de publicación, distribución, etc. 1957 (
Fabricante Imp. Layetana)
300 ## - DESCRIPCIÓN FÍSICA
Extensión 58 p. ;
Dimensiones 21 cm.
710 2# - ENTRADA AGREGADA--NOMBRE DE ENTIDAD CORPORATIVA
Nombre de entidad corporativa o nombre de jurisdicción como elemento de entrada Comisión Provincial de Monumentos Históricos y Artísticos (Alicante)
9 (RLIN) 3061
852 ## - LOCALIZACIÓN
Ubicación ES-MaACL
Número de control de estantería 1999-F-4
Sublocalización o colección R.40234
Holdings
Estatus retirado Estado de pérdida Fuente del sistema de clasificación o colocación Estado de daño No para préstamo Colección Biblioteca de origen Biblioteca actual Ubicación en estantería Fecha de adquisición Total de préstamos Signatura topográfica completa Código de barras Visto por última vez Precio de reemplazo Tipo de ítem Koha
    Clasificación decimal universal     Colección de folletos Biblioteca del Ateneo de Madrid Biblioteca del Ateneo de Madrid Depósito folletos 17/01/2008   1999-F-4 1066857 23/02/2023 23/02/2023 Folleto